Lož storočia pomýlený účel táborov smrti? 1. diel

Podrobná bibliografia
Hlavný autor: Möhrentürk, Patrik (Autor)
Médium: Článok
Jazyk:slovenčina
Predmet:

MARC

LEADER 00000nab a2200000 a 4500
001 vtls000467129
003 SK-MaSNL
005 20260303001157.0
008 180405c1992 xo 0 slo
015 |a SNBRB19rr/mm-uuuuu 
035 |a CL0467262 
040 |a SNKBUCL  |b slo  |c SNKBUCL  |e AACR2 
041 0 |a slo 
044 |a xo  |c SK 
080 |a 940.53  |2 1981 
080 |a 323.12(=924)  |2 1981 
100 1 |a Möhrentürk, Patrik  |4 aut  |9 975305 
245 1 0 |a Lož storočia pomýlený účel táborov smrti? 1. diel  |c Patrik Möhrentürk 
650 0 7 |a druhá svetová vojna (1939-1945)  |2 snkbucl  |9 169657 
650 0 7 |a pracovné tábory  |2 snkbucl  |9 2655 
650 0 7 |a koncentračné tábory  |2 snkbucl  |9 2654 
655 7 |a články z novín a časopisov  |2 snkbucl  |9 267496 
773 0 |t Zmena  |g Roč. 4, č. 157 (1992), s. 22-23 
850 |a Slovenská národná knižnica v Martine  |a MTA001 
852 |a SNK  |b KIS3GCP 
958 |a RK 
992 |a RBX 
999 |c 1562073  |d 1564003